Fundamentals of pharmacognosy and phytotherapy.(2nd ed.) (Record no. 31490)

MARC details
000 -LEADER
fixed length control field 00844nam a2200217 a 4500
008 - FIXED-LENGTH DATA ELEMENTS--GENERAL INFORMATION
fixed length control field 170314s2012 ||||||||||||||||| || u
020 ## - INTERNATIONAL STANDARD BOOK NUMBER
International Standard Book Number 9780702033889
050 ## - LIBRARY OF CONGRESS CALL NUMBER
Classification number RS 160 Hei
100 ## - MAIN ENTRY--PERSONAL NAME
Personal name Barnes, Joanne
245 10 - TITLE STATEMENT
Title Fundamentals of pharmacognosy and phytotherapy.(2nd ed.)
Statement of responsibility, etc. By Michael Heinrich, Joanne Barnes, Simon Gibbons and Elizabeth M Williamson
250 ## - EDITION STATEMENT
Edition statement 2nd ed.
260 ## - PUBLICATION, DISTRIBUTION, ETC.
Place of publication, distribution, etc. Edinburgh:
Name of publisher, distributor, etc. Churchill Livingstone/Elsevier
Date of publication, distribution, etc. 2012
300 ## - PHYSICAL DESCRIPTION
Extent ix, 326p.: ill.
350 ## -
-- 57.95
650 ## - SUBJECT ADDED ENTRY--TOPICAL TERM
Topical term or geographic name entry element PHARMACOGNOSY
650 ## - SUBJECT ADDED ENTRY--TOPICAL TERM
Topical term or geographic name entry element PHYTOTHERAPY--METHODS
650 ## - SUBJECT ADDED ENTRY--TOPICAL TERM
Topical term or geographic name entry element PLANTS, MEDICINAL
700 ## - ADDED ENTRY--PERSONAL NAME
Personal name Gibbons, Simon
700 ## - ADDED ENTRY--PERSONAL NAME
Personal name Heinrich, Michael
995 ## -
-- MEDICAL LIBRARY OPEN ACCESS
-- 903672
-- CBU-SCHOOL OF MEDICINE LIBRARY (Ndola)
-- 57.95
-- RS 160 Hei
-- 1
-- AVAILABLE
-- Mar 14, 2017
-- 903672
-- Medical Library Open Access Collection
999 ## -
-- 31490
-- 31490
Holdings
Withdrawn status Lost status Source of classification or shelving scheme Damaged status Not for loan Permanent Location Current Location Shelving location Date acquired Total Checkouts Full call number Barcode Date last seen Price effective from Koha item type
          CBU-SCHOOL OF MEDICINE LIBRARY, NDOLA. CBU-SCHOOL OF MEDICINE LIBRARY, NDOLA.   11/30/2022   RS 160 Hei 903672 11/30/2022 11/30/2022 MONOGRAPH